00901 am a2200205 a 450000500170000000800410001702000150005804100080007310000240008124501270010525000110023226000440024330000110028750001690029865300310046765300360049865300590053465300660059365300360065920240624120642.0100630s1999||||ag # f |||| 001 0 spa d a9508920793 aspa1 aBelmartino, Susana. aNuevas reglas de juego para la atención médica en la Argentina.b¿Quién será el árbitro? / cSusana Belmartino. a1a ed. aBuenos Aires: bLugar Editorial;c1999. a332 p. aBelmartino, S. (1999). Nuevas reglas de juego para la atención médica en la Argentina. ¿Quién será el árbitro?. (1a ed.). Buenos Aires : Lugar Editorial. aCuestión de regulación aSociología de las profesiones aConcepción y práctica de managed care en los EE.UU aReforma de la atención médica. Aproximación al concepto aProceso de reforma en Argentina